| 000 | 00368pab a2200145 454500 | ||
|---|---|---|---|
| 008 | 180718b1985 xxu||||| |||| 00| 0 eng d | ||
| 100 | _aSharma, B.D. | ||
| 245 | _aAdministering transition - some human issues | ||
| 260 | _c1985 | ||
| 300 | _a285-305,373-98 | ||
| 362 | _aJuly-Sept.,Oct.,Dec. | ||
| 650 | _aSocial Change | ||
| 773 | _aAdministrator | ||
| 909 | _a18158 | ||
| 999 |
_c18158 _d18158 |
||